000 00589nam a2200205 a 4500
005 20140310183428.0
008 080109s19uu xx 00 eng d
020 _a8174764569
050 _aLC 4031
_b.Ad244 2005
100 _aAdvani, Lal
245 _aYou and your special child. /
_cLal Advani
260 _aNew Delhi :
_bUBS Publishers Distributors PVT. Ltd,
_c2005.
300 _a334 p. :
_bill. ;
_c21 cm.
521 _aEDU
650 _aPeole with mental disabilities.
650 _aSpecial education.
700 _aChadha, Anupriya
942 _cBK
_2lcc
_kFOR
999 _c22686
_d22686